书目信息 |
| 题名: |
错觉心理学
|
|
| 作者: | 陈南 著 | |
| 分册: | ||
| 出版信息: | 南京 江苏凤凰文艺出版社 2015 |
|
| 页数: | 228页 | |
| 开本: | 21cm | |
| 丛书名: | ||
| 单 册: | ||
| 中图分类: | B842.2 | |
| 科图分类: | ||
| 主题词: | 错觉--cuo jue--心理学 | |
| 电子资源: | ||
| ISBN: | 978-7-5399-8047-8 | |
| 000 | 01009nam0 22002531 450 | |
| 001 | 0102093641 | |
| 005 | 20170402093641.0 | |
| 010 | @a978-7-5399-8047-8@dCNY32.00 | |
| 100 | @a20150616d2015 em y0chiy50 ea | |
| 101 | 0 | @achi |
| 102 | @aCN@b320000 | |
| 105 | @aa z 000yy | |
| 106 | @ar | |
| 200 | 1 | @a错觉心理学@Acuo jue xin li xue@e有图也没有真相@f陈南著 |
| 210 | @a南京@c江苏凤凰文艺出版社@d2015 | |
| 215 | @a228页@c图@d21cm | |
| 300 | @a心理栈 | |
| 330 | @a本书揭示了生活中常见的视觉、听觉、记忆、色彩、爱情、时间、自信、潜能、克制力等九大错觉。指出了我们一心相信的东西并不一定是最真实的道理,揭示了错觉的“根”,教导如何辨别潜意识的认知陷阱,一一克服、改正自己错觉的阴影,以帮助读者在别人的失误中掌握先机,对世界有新的视角,对生活有新的感受,对自己有更清醒的认识。 | |
| 517 | 1 | @a有图也没有真相@Ayou tu ye mei you zhen xiang |
| 606 | 0 | @a错觉@Acuo jue@x心理学 |
| 690 | @aB842.2@v5 | |
| 701 | 0 | @a陈南@Achen nan@4著 |
| 801 | 0 | @aCN@bTANGWEI@c20170308 |
| 905 | @b0964591-3@dB842.2@e1567@f3 | |
| 错觉心理学:有图也没有真相/陈南著.-南京:江苏凤凰文艺出版社,2015 |
| 228页:图;21cm |
| 心理栈 |
| ISBN 978-7-5399-8047-8:CNY32.00 |
| 本书揭示了生活中常见的视觉、听觉、记忆、色彩、爱情、时间、自信、潜能、克制力等九大错觉。指出了我们一心相信的东西并不一定是最真实的道理,揭示了错觉的“根”,教导如何辨别潜意识的认知陷阱,一一克服、改正自己错觉的阴影,以帮助读者在别人的失误中掌握先机,对世界有新的视角,对生活有新的感受,对自己有更清醒的认识。 |
| ● |
| 相关链接 |
|
|
|
|
正题名:错觉心理学
索取号:B842.2/1567
 
预约/预借
| 序号 | 登录号 | 条形码 | 馆藏地/架位号 | 状态 | 备注 |
| 1 | 0964591 | 209645918 | 第一样本阅览室/ [索取号:B842.2/1567] | 在馆 | |
| 2 | 0964592 | 209645927 | 第一借阅区/ [索取号:B842.2/1567] | 在馆 | |
| 3 | 0964593 | 209645936 | 第一借阅区/ [索取号:B842.2/1567] | 在馆 |